000 01473cam a2200325 a 4500
999 _c331004
_d331004
001 1200193
003 NUST
005 20180117090029.0
008 980901s1999 njua b 001 0 eng
010 _a 98043365
020 _a0805826602 (cloth : alk. paper)
020 _a0805826610 (pbk. : alk. paper)
040 _aDLC
_cDLC
_dDLC
050 0 0 _aQA63
_b.R4 1999
082 0 0 _a510/.76
_221
100 1 _aReed, Stephen K.
_94340
245 1 0 _aWord problems :
_bresearch and curriculum reform /
_cStephen K. Reed.
260 _aMahwah, N.J. :
_bLawrence Erlbaum Associates,
_cc1999.
300 _axi, 219 p. :
_bill. ;
_c24 cm.
490 1 _aThe studies in mathematical thinking and learning series
504 _aIncludes bibliographical references (p. 203-212) and indexes.
650 0 _aWord problems (Mathematics)
_xStudy and teaching.
_94341
650 0 _aProblem solving
_xStudy and teaching.
_94342
830 0 _aStudies in mathematical thinking and learning.
_94343
856 4 2 _3Publisher description
_uhttp://www.loc.gov/catdir/enhancements/fy0709/98043365-d.html
906 _a7
_bcbu
_corignew
_d1
_eocip
_f19
_gy-gencatlg
942 _2ddc
_cBK